000 00797cam a22002653a 4500
001 28255
003 PGUSA
005 20140828083617.0
008 090305s2009||||xxu|||||s|||||000 | eng d
040 _aPGUSA
_beng
042 _adc
050 4 _aTH
100 1 _aBeard, Daniel Carter,
_d1850-1941
245 1 0 _aShelters, Shacks and Shanties
_h[electronic resource] /
_cDaniel Carter Beard
260 _bProject Gutenberg,
_c2009
506 _aPublic domain in the USA.
516 _aElectronic text
653 _aSheds -- Design and construction
653 _aWilderness survival
653 _aHuts -- Design and construction
653 _aLog cabins -- Design and construction
830 0 _aProject Gutenberg
_v28255
856 4 0 _uhttp://www.gutenberg.org/ebooks/28255
942 _cEB
999 _c257510
_d257510